Bundesligavereine zu Stadien 2019/20 - Statistiken

Allgemein
  • Dieses Quiz wurde 366 mal gespielt
  • Das Durchschnittsergebnis liegt bei 14 aus 18
Antwortstatistiken
Bildquiz Antwort % Korrekt
Borussia Mönchengladbach
99%
FC Bayern München
98%
Borussia Dortmund
97%
FC Schalke 04
95%
Hertha BSC
90%
TSG 1899 Hoffenheim
86%
Bayer 04 Leverkusen
82%
SC Freiburg
82%
VfL Wolfsburg
82%
RB Leipzig
78%
FSV Mainz 05
75%
SV Werder Bremen
75%
1. FC Union Berlin
70%
Eintracht Frankfurt
70%
1. FC Köln
66%
Fortuna Düsseldorf
65%
FC Augsburg
55%
SC Paderborn
53%
Keine übereinstimmenden Quizze gefunden
Verteilung der Resultate
Anzahl Personen mit jedem Resultat
Perzentil nach korrekt beantworteten Fragen
Ihre Resultats-Entwicklung
Sie haben dieses Quiz noch nicht gespielt